Lean Manufacturing for the Small Shop/ (Record no. 12833)
[ view plain ]
| 000 -LEADER | |
|---|---|
| fixed length control field | 00685cam a22002175a 4500 |
| 001 - CONTROL NUMBER | |
| control field | 15389842 |
| 005 - DATE AND TIME OF LATEST TRANSACTION | |
| control field | 20201124142651.0 |
| 008 - FIXED-LENGTH DATA ELEMENTS--GENERAL INFORMATION | |
| fixed length control field | 080731s2008 miu 000 0 eng |
| 010 ## - LIBRARY OF CONGRESS CONTROL NUMBER | |
| LC control number | 2008934307 |
| 020 ## - INTERNATIONAL STANDARD BOOK NUMBER | |
| International Standard Book Number | 0872638588 |
| 040 ## - CATALOGING SOURCE | |
| Original cataloging agency | DLC |
| Transcribing agency | DLC |
| 082 ## - DEWEY DECIMAL CLASSIFICATION NUMBER | |
| Classification number | 658.5 |
| Item number | CON |
| Edition number | 22 |
| 100 1# - MAIN ENTRY--PERSONAL NAME | |
| Personal name | Conner, Gary. |
| 9 (RLIN) | 9074 |
| 245 10 - TITLE STATEMENT | |
| Title | Lean Manufacturing for the Small Shop/ |
| Statement of responsibility, etc | Gary Conner with forword by Norman Bodek |
| 250 ## - EDITION STATEMENT | |
| Edition statement | 2nd ed. |
| 260 ## - PUBLICATION, DISTRIBUTION, ETC. (IMPRINT) | |
| Place of publication, distribution, etc | Dearborn, MI : |
| Name of publisher, distributor, etc | Society of Manufacturing Engineers, |
| Date of publication, distribution, etc | 2009 |
| 263 ## - PROJECTED PUBLICATION DATE | |
| Projected publication date | 0810 |
| 300 ## - PHYSICAL DESCRIPTION | |
| Extent | xvii, 258 p. : |
| Other physical details | ill. ; |
| Dimensions | 24 cm. |
| 942 ## - ADDED ENTRY ELEMENTS (KOHA) | |
| Source of classification or shelving scheme | Dewey Decimal Classification |
| Item type | Book - Borrowing |
| Withdrawn status | Item status | Source of classification or shelving scheme | Damaged status | Not for loan | Vendor | Home library | Current library | Shelving location | Date acquired | Source of acquisition | Cost, normal purchase price | Serial Enumeration / chronology | Total Checkouts | Total Renewals | Full call number | Barcode | Date last seen | Date last borrowed | Koha item type |
|---|---|---|---|---|---|---|---|---|---|---|---|---|---|---|---|---|---|---|---|
| Dewey Decimal Classification | Baccah | Central Library | Central Library | First floor | 22/10/2009 | 330.00 | 8657 | 8 | 12 | 658.5 CON | 000018456 | 15/07/2025 | 08/01/2024 | Book - Borrowing |